Transactions of the Fourth National Prison Reform Congress (Record no. 160501)

MARC details
000 -LEADER
campo de control de longitud fija 00892nam a2200181 i 4500
001 - NÚMERO DE CONTROL
campo de control 160501
003 - IDENTIFICADOR DE NÚMERO DE CONTROL
campo de control ES-MaACL
005 - FECHA Y HORA DE LA ÚLTIMA TRANSACCIÓN
campo de control 20230906212043.0
008 - DATOS DE LONGITUD FIJA--INFORMACIÓN GENERAL
campo de control de longitud fija 011127s1877 xxu |||| | eng d
111 2# - ENTRADA PRINCIPAL--NOMBRE DE CONGRESO/REUNIÓN
Nombre de congreso/reunión o jurisdicción como elemento de entrada National Prison Reform Congress (
Número del congreso/reunión o número de parte o sección 4º.
Fecha del congreso o de la firma del tratado 1876).
Sede del congreso/Lugar de la reunión Nueva York)
9 (RLIN) 135174
245 10 - MENCIÓN DEL TÍTULO
Título Transactions of the Fourth National Prison Reform Congress
Resto del título : held at New York, june 6-9, 1876 : being the report of the National Prison Association of the United States, for the years 1874 and 1875 /
Mención de responsabilidad, etc. edited by E. C. Wines.
260 ## - PUBLICACIÓN, DISTRIBUCIÓN, ETC.
Lugar de publicación, distribución, etc. New York :
Nombre del editor, distribuidor, etc. Office of the Association,
Fecha de publicación, distribución, etc. 1877.
300 ## - DESCRIPCIÓN FÍSICA
Extensión XVII, 629 p. ;
Dimensiones 23 cm.
650 #4 - PUNTO DE ACCESO ADICIONAL DE MATERIA--TÉRMINO DE MATERIA
Término de materia o nombre geográfico como elemento de entrada Establecimientos penitenciarios-
Subdivisión geográfica Estados Unidos.
9 (RLIN) 12516
650 #4 - PUNTO DE ACCESO ADICIONAL DE MATERIA--TÉRMINO DE MATERIA
Término de materia o nombre geográfico como elemento de entrada Establecimientos penitenciarios-
Subdivisión de forma Congresos y asambleas.
9 (RLIN) 163123
700 1# - ENTRADA AGREGADA--NOMBRE PERSONAL
Nombre de persona Wines, Enoch Cobb (
Fechas asociadas al nombre 1806-1879)
9 (RLIN) 117073
852 ## - LOCALIZACIÓN
Ubicación ES-MaACL
Número de control de estantería D-153
Nota libre - Enc. hol.
-- . - Donativo Lastres
Holdings
Estatus retirado Estado de pérdida Estado de daño No para préstamo Colección Biblioteca de origen Biblioteca actual Ubicación en estantería Fecha de adquisición Fuente de adquisición Total de préstamos Signatura topográfica completa Código de barras Visto por última vez Precio de reemplazo Tipo de ítem Koha
        Libros del s. XIX Biblioteca del Ateneo de Madrid Biblioteca del Ateneo de Madrid Sala Valle Inclán 17/01/2008     D-153 901168056 23/02/2023 23/02/2023 Libro impreso antiguo